| 000 | 00769na a2200277 4500 | ||
|---|---|---|---|
| 001 | 15985 | ||
| 003 | MIRAKIL | ||
| 005 | 20181213154855.0 | ||
| 008 | 161001b tu 000 0 | ||
| 020 | _a9789759951290 | ||
| 035 | _a15985 | ||
| 040 |
_aMilas _btur _cTR-AnCHP |
||
| 041 | _atur | ||
| 082 |
_a811.22 _bY85y [t.y.] |
||
| 090 | _a811.22 Y85y [t.y.] | ||
| 100 |
_aEmre, Yunus _d13. yüzıl _tDivan |
||
| 245 |
_aYunus Emre divanı _cYunus Emre; hazırlayan Selim Yağmur |
||
| 260 |
_aİstanbul _bDergah yayınları _c[t.y.] |
||
| 300 |
_a427 s. _c20 sm. |
||
| 600 | _aEmre, Yunus | ||
| 650 |
_aDivan edebiyatı _xŞiir |
||
| 650 |
_aTürk edebiyatı _xŞiir _y13. yüzyıl |
||
| 657 | _aDivan şiiri | ||
| 657 | _aDivan edebiyatı | ||
| 942 |
_2ddc _cBKS |
||
| 999 |
_c2371 _d2371 |
||